书目信息 |
| 书名: | Business, government, and society | |
| 作者: | George A. Steiner, John F. Steiner. | |
| 分册号: | ||
| 分册名: | 出版地: | Boston, Mass. : |
|
| 出版社: | Irwin/McGraw-Hill | |
| 出版时间: | 2000. | |
| 页数: | xx, 731, 10 p. : | |
| 开本: | 24 cm. | |
| 丛书名: | ||
| 中图分类号: | ||
| 科图分类号: | ||
| 其他分类号: | F471.20 | |
| 主题词: | ||
| 电子资源: | ||
| 000 | 01347cam a22003494a 450 | |
| 001 | E0754878954 | |
| 005 | 20070319153137.32 | |
| 008 | 990519s2000 maua b 001 0 eng | |
| 010 | @a99028375 | |
| 020 | @a0073659142 (alk. paper) :@cUSD79.35. | |
| 035 | @A(DLC) 99028375 | |
| 040 | @aDLC@cDLC@dDLC | |
| 042 | @apcc | |
| 043 | @an-us--- | |
| 050 | 00 | @aHD60.5.U5@bS8 2000 |
| 082 | 00 | @a658.4@2 21 |
| 090 | @aF471.20 | |
| 099 | @dF471.20@ex7=9 | |
| 100 | 1 | @aSteiner, George Albert,@d1912- |
| 245 | 10 | @aBusiness, government, and society :@ba managerial perspective : text and cases / @cGeorge A. Steiner, John F. Steiner. |
| 250 | @a9th ed. | |
| 260 | @aBoston, Mass. :@bIrwin/McGraw-Hill,@c2000. | |
| 300 | @axx, 731, 10 p. :@bill. ;@c24 cm. | |
| 500 | @aRev. ed of: Business and society / George A. Steiner. 2nd ed. 1975. | |
| 504 | @aIncludes bibliographical references and index. | |
| 650 | 0 | @aIndustries@xSocial aspects@zUnited States. |
| 650 | 0 | @aIndustrial policy@zUnited States. |
| 700 | 12 | @aSteiner, George Albert,@d1912-@tBusiness and society. |
| 700 | 1 | @aSteiner, John F. |
| 906 | @a7@bcbc@corignew@d1@eocip@f19@gy-gencatlg | |
| 925 | 0 | @aacquire@b1 shelf copy@xpolicy default |
| 955 | @apc01 to SA00 05-19-99; sd20 05-24-99; sd06 05-25-99; CIPver. sb17 12-6-00; to BCCD 12-06-00; sb00 12-07-00 | |
| Business, government, and society : : a managerial perspective : text and cases / / George A. Steiner, John F. Steiner.-9th ed.-Boston, Mass. : : Irwin/McGraw-Hill, , 2000. |
| xx, 731, 10 p. : : ill. ; ; 24 cm. |
| Rev. ed of: Business and society / George A. Steiner. 2nd ed. 1975.-Includes bibliographical references and index. |
| ISBN 0073659142 (alk. paper) :USD79.35. |
| ● |
| 相关链接 |
|
|
|
|
正题名:Business, government, and society
索取号:F471.20/x7=9
 
预约/预借
| 序号 | 登录号 | 条形码 | 馆藏地/架位号 | 状态 | 备注 |
| 1 | 0002675 | 300026754 | 第二样本阅览室/ [索取号:F471.20/x7=9] | 在馆 | |
| 2 | 0002676 | 300026763 | 第四借阅区/ [索取号:F471.20/x7=9] | 在馆 | |
| 3 | 0002677 | 300026772 | 第四借阅区/ [索取号:F471.20/x7=9] | 在馆 |